El Alcalde de Zalamea

Saved in:
Bibliographic Details
Main Author: Calderón de la Barca, Pedro
Format: Book
Language:Undetermined
Published: Madrid, España Castalia 1985
Subjects:
Tags: Add Tag
No Tags, Be the first to tag this record!

MARC

LEADER 00000nam a2200000Ia 4500
008 170316s9999 xx 000 0 und d
040 |a cru BVZT 
090 |a 862 C-3al 
100 |a Calderón de la Barca, Pedro 
245 |a El Alcalde de Zalamea 
260 |a Madrid, España 
260 |b Castalia 
260 |c 1985 
300 |a 316 páginas 
650 |a LITERATURA ESPAÑOLA 
650 |a TEATRO 
942 |c 15 D 
999 |c 9730  |d 9730